MESTSKÁ KNIŽNICA GIRALTOVCE  - online katalóg 

Aj ty hladáš štastie? (Record no. 21218)

000 -NÁVESTIE
fixed length control field 00396nam a2200169 4500
008 - ÚDAJE S PEVNOU DĹŽKOU – VŠEOBECNÉ INFORMÁCIE
fixed length control field 170125s1995||||xo d
020 ## - MEDZINÁRODNÉ ŠTANDARDNÉ ČÍSLO KNIHY (ISBN)
Údaje o dostupnosti 0
041 1# - KÓD JAZYKA
Kód jazyka textu/zvukovej stopy alebo samostatných nápisov slo
041 1# - KÓD JAZYKA
Kód jazyka textu/zvukovej stopy alebo samostatných nápisov slo
044 ## - KÓD KRAJINY VYDAVATEĽA/PRODUCENTA
Kód krajiny MARC xo
Kód krajiny ISO SK
100 1# - OSOBNÉ MENÁ – VŠEOBECNÉ INFORMÁCIE
Osobné meno Vrablec Jozef
-- 99
245 10 - NÁZOV
Názov Aj ty hladáš štastie?
250 ## - ÚDAJ O PORADÍ VYDANIA
Údaj o poradí vydania 3. vydanie
260 ## - VYDAVATEĽSKÉ ÚDAJE, DISTRIBÚCIA ATĎ.
Názov vydavateľa, distibútora atď. Slovenský ústav Cyrila a Metoda
Miesto publikovania, distribúcie atď. Rím
Dátum publikovania, distribúcie atď. 1995
300 ## - FYZICKÝ POPIS
Rozsah 189 s.
958 ## - Formálny deskriptor
Formálny deskriptor A
Holdings
Stav stiahnutia (Blokovanie) (Withrawn status) Stav straty Zdroj klasifikácie pre skladovanie Stav poškodenia (Damaged status) Nie pre výpožičky (Not for loan) Spôsob nadobudnutia (Collection code) Trvalé umiestnenie Aktuálne umiestnenie Dátum nadobudnutia Inventárne číslo (prírastkové číslo) Celkom výpožičky Full call number Čiarový kód Dátum posledného výskytu Dátum poslednej výpôžičky Cena s účinnosťou od Typ jednotky Koha
          Dar Mestská knižnica Giraltovce Mestská knižnica Giraltovce 2017-01-25 19538 1 S1306 S1306 2025-11-12 2025-10-08 2019-12-12 Krásna literatúra pre dospelých

Powered by Koha